Di sini sayang, di sana sayang

Bibliographic Details
Main Author: Solehah Hj. Abdul Rashid
Format: Book
Published: Shah Alam : Marwilis Publisher & Distributors , 1990
Subjects:

MARC

LEADER 00000cam a2200000 7i4500
001 0000002956
005 20050422.0
020 |a 9838311050 
040 |a INS 
090 0 0 |a PL5139   |b S 1990 
100 1 |a Solehah Hj. Abdul Rashid 
245 1 0 |a Di sini sayang, di sana sayang   |c Solehah Hj. Abdul Rashid. 
260 |a Shah Alam :   |b Marwilis Publisher & Distributors ,   |c 1990 
300 |a 180p. ;   |c 18 cm. 
650 0 0 |a Malay fiction 
650 0 0 |a Malay Literature 
999 |a 0000004313   |b BOOK   |c Open Shelf   |e Default branch